Arqueología.

Uloženo v:
Podrobná bibliografie
Hlavní autor: Bahn, Paul (autor)
Další autoři: Fagan, Brian (prólogo)
Médium: Neznámo
Vydáno: Barcelona, España: Blume, 2019.
Vydání:Primera edición en lengua española.
Témata:
Tagy: Přidat tag
Žádné tagy, Buďte první, kdo vytvoří štítek k tomuto záznamu!

MARC

LEADER 00000 a2200000 4500
003 CL-VaPUC
005 20240611105645.0
008 240320t2019 ||||| |||| 00| 0 eng d
999 |c 443285  |d 443283 
020 |a 978-84-17492-63-2 
040 |c Pontificia Universidad Católica de Valparaíso 
082 7 |a 930.101 BAH 2019  |2 22 
100 |a Bahn, Paul   |9 887848  |e autor 
245 |a Arqueología.  
250 |a Primera edición en lengua española.  
260 |a Barcelona, España:  |b Blume,  |c 2019. 
300 |a 576 páginas;   |b  ilustraciones.  
583 |k GC  |c 20240320 
650 0 |a Arqueología   |9 265619 
700 |a Fagan, Brian   |e prólogo  |9 887849 
942 |2 ddc  |c BK 
952 |0 0  |1 0  |2 ddc  |4 0  |6 930_101000000000000_BAH_2019  |7 0  |8 A  |9 593775  |a BIBHIS  |b BIBHIS  |d 2024-03-20  |e 11  |g 29000.00  |i 5660448  |l 3  |o 930.101 BAH 2019  |p 5660448  |r 2024-08-19  |s 2024-08-16  |t 1  |v 29000.00  |w 2024-03-20  |y BK  |k DHI